عرض عادي
عرض مارك
- Literary form
مدخل مصطلح موضوعي
001 - رقم الضبط
- حقل الضبط: 46226
003 - معرف رقم الضبط
- حقل الضبط: OSt
005 - تاريخ ووقت أخر عملية
- حقل الضبط: 20140709174405.0
008 - عناصر بيانات ثابتة الطول
- حقل تحكم ثابت الطول: 140709|||a|||||| | ||| d
040 ## - مصدر الفهرسة
- هيئة الفهرسة الأصلية: OSt
- وكالة الكتابة: OSt
150 ## - مدخل-- مصطلح تاريخي
- عنصر مدخل المصطلح الموضوعي او الاسم الجغرافي: Literary form
- تفريع شكلي: Terminology.
670 ## - بيانات المصدر موجوده
- الاستشهاد بالمصدر: Work cat.: (OSt)0: Baldick, Chris., The Oxford dictionary of literary terms /, 2008.
